Tibulle et les auteurs du Corpus Tibullianum / (Record no. 129650)

MARC details
000 -LEADER
campo de control de longitud fija 00732nam a2200217 i 4500
001 - NÚMERO DE CONTROL
campo de control 129650
003 - IDENTIFICADOR DE NÚMERO DE CONTROL
campo de control ES-MaACL
005 - FECHA Y HORA DE LA ÚLTIMA TRANSACCIÓN
campo de control 20230906193537.0
007 - CAMPO FIJO DE DESCRIPCIÓN FÍSICA--INFORMACIÓN GENERAL
campo de control de longitud fija t|
008 - DATOS DE LONGITUD FIJA--INFORMACIÓN GENERAL
campo de control de longitud fija 070628s1931 fr ||||1| fre d
100 1# - ENTRADA PRINCIPAL--NOMBRE DE PERSONA
Nombre de persona Tibulo, Albio.
9 (RLIN) 110211
245 10 - MENCIÓN DEL TÍTULO
Título Tibulle et les auteurs du Corpus Tibullianum /
Mención de responsabilidad, etc. Albio Tibulio ; texte établi et traduit par Max Ponchont.
250 ## - MENCION DE EDICION
Mención de edición 2ª ed. rev. et corr.
260 ## - PUBLICACIÓN, DISTRIBUCIÓN, ETC.
Lugar de publicación, distribución, etc. Paris :
Nombre del editor, distribuidor, etc. D'Edition Les Belles Lettres,
Fecha de publicación, distribución, etc. 1931.
300 ## - DESCRIPCIÓN FÍSICA
Extensión XLIV, 9 p., 10-190 h., 191-195 p. ;
Dimensiones 20 cm.
490 1# - MENCIÓN DE SERIE
Mención de serie Collection de Universites de France
700 1# - ENTRADA AGREGADA--NOMBRE PERSONAL
Nombre de persona Ponchont, Max.
9 (RLIN) 92967
830 0# - PUNTO DE ACCESO ADICIONAL DE SERIE-TÍTULO UNIFORME
Título uniforme Collection de Universites de France
9 (RLIN) 219361
852 ## - LOCALIZACIÓN
Ubicación ES-MaACL
Número de control de estantería C-8194
Holdings
Estatus retirado Estado de pérdida Estado de daño No para préstamo Biblioteca de origen Biblioteca actual Ubicación en estantería Fecha de adquisición Fuente de adquisición Total de préstamos Signatura topográfica completa Código de barras Visto por última vez Precio de reemplazo Tipo de ítem Koha
        Biblioteca del Ateneo de Madrid Biblioteca del Ateneo de Madrid Sala Palomar 17/01/2008     C-8194 1135005 23/02/2023 23/02/2023 Libro impreso